| 000 | 00574nam a22001097a 4500 | ||
|---|---|---|---|
| 008 | 110705t xxu||||| |||| 00| 0 eng d | ||
| 010 | _aCAEAF74 | ||
| 245 | _aCourt of Appeal Election Application No. 14 OF 2007 (Arising from Election Petition No. 02 of 2006) Wapokra John Pascal Vs Esrom William Alenyo | ||
| 260 | _c2007 | ||
| 500 | _aCORAM: HON. MR. JUSTICE G.M. OKELLO, JA HON. MR. JUSTICE A. TWINOMUJUNI, JA HON. LADY JUSTICE C.N.B. KITUMBA, JA | ||
| 999 |
_c4535 _d4535 |
||